Villes de France par croissance démographique - Statistiques

Statistiques générales
  • Ce quiz a été pris 55 fois
  • Le résultat moyen est 11 sur 30
Statistiques - réponses
Croissance* Ville % Correct
12,3% Nantes
85%
12,7% Toulouse
85%
9,4% Bordeaux
79%
14,3% Montpellier
68%
10,5% Ajaccio
64%
10% Toulon
64%
11,4% Annecy
57%
19,5% Bayonne
51%
12,5% Béziers
49%
34,7%* Mamoudzou
45%
9,4% Narbonne
40%
19,1% Aubervilliers
38%
11% Cayenne
38%
15% Mérignac
38%
13,6% Pessac
38%
9,5% Montauban
36%
17,2% Cergy
30%
10,3% Vénissieux
30%
11,5% Vitry-sur-Seine
28%
10% Ivry-sur-Seine
26%
12,8% Saint-Ouen-sur-Seine
23%
22% Vaulx-en-Velin
23%
16,6% Bobigny
21%
19,1% Corbeil-Essonnes
19%
13% Pantin
19%
18,5% Massy
15%
12,1% Cagnes-sur-Mer
11%
24,2% Saint-Laurent-du-Maroni
11%
11,8% Noisy-le-Grand
9%
12,2% Le Blanc-Mesnil
4%
Aucun quiz correspondant
Distribution des résultats
% des personnes avec chaque résultat
Percentile par nombre de réponses
Votre historique - résultats
Vous n’avez pas pris ce quiz